| 000 | 00712nam a22002057a 4500 | ||
|---|---|---|---|
| 999 |
_c5509 _d5509 |
||
| 003 | AR-CdUCM | ||
| 008 | 190312b ||||| |||| 00| 0 spa d | ||
| 040 |
_aMUNICIPALIDAD PROVINCIAL DEL CUSCO _cBIBLIOTECA MUNICIPAL DEL CUSCO |
||
| 082 |
_a908 / _bB5 |
||
| 100 |
_aCampbell, A.E _916521 |
||
| 245 |
_aTheodore Roosevelt : _bUna figura y una época / |
||
| 260 |
_aBarcelona : _bNauta, _c1970. |
||
| 300 |
_a127 paginas ; _c23 cm. |
||
| 505 | _aContenido : Expansión y progreso económico -- El precio de la expansión -- Políticos y reformistas ... | ||
| 650 |
_aHistoria española _913891 |
||
| 650 |
_aHistoria europea _916522 |
||
| 650 |
_aHistoria universal _91423 |
||
| 942 |
_2ddc _cLIBROS |
||
| 945 | _arah | ||